| 000 | 00843nam a2200241 a 4500 | ||
|---|---|---|---|
| 001 | 000002001 | ||
| 005 | 20240412074159.0 | ||
| 008 | 090630s2008 dr r 000 p spa d | ||
| 020 | _a9789945855357 | ||
| 040 |
_aDO-SdBNP _bspa _cBNPHU |
||
| 082 |
_aRD861.44 _bT233o, 2008 |
||
| 100 | 1 |
_aTaveras Mejía, Antonio _96478 |
|
| 245 | 1 | 0 |
_aOdas al reino del amor / _cAntonio Taveras Mejía ; prólogo José Alfonso García Tineo. |
| 250 | _a2a ed. | ||
| 260 |
_aBonao, República Dominicana : _bGutenberg, _c2008. |
||
| 300 |
_a310 p. ; _c21 cm. |
||
| 500 | _aIncluye datos biográficos del autor en la contracubierta | ||
| 590 | _aInventariado, 2019/LP | ||
| 650 | 0 |
_aPoesía dominicana _966 |
|
| 650 | 0 |
_aLiteratura dominicana. _967 |
|
| 700 | 1 |
_aGarcía Tineo, José Alfonso, _epról. _96479 |
|
| 910 | _aValidado. Control de calidad. MMOLINA | ||
| 999 |
_c1867 _d1867 |
||